Business Initiatives in Product Packaging: Challenges Towards Eco-Friendly Solutions

Zmena spôsobu balenia produktov ako jedna z kľúčových oblastí, v ktorých môžu spoločnosti zlepšiť svoje environmentálne správanie a minimalizovať negatívny vplyv na prírodu. Spoločnosti sa môžu zamerať na rôzne aspekty zmeny balenia produktov, ako je používanie udržateľných materiálov, minimalizácia...

Ausführliche Beschreibung

Gespeichert in:
Bibliographische Detailangaben
1. Verfasser: Jarossová, Malgorzata Agnieszka, 1978-
Weitere Verfasser: Fecková, Katarína, Gubíniová, Katarína
Format: Buchkapitel
Sprache:Englisch
Schlagworte:
Tags: Tag hinzufügen
Keine Tags, Fügen Sie das erste Tag hinzu!

MARC

LEADER 00000naa$a2200000$$$4500
001 0298686
005 20240502074531.1
041 0 |a eng 
044 |a SK 
245 1 0 |a Business Initiatives in Product Packaging: Challenges Towards Eco-Friendly Solutions  |c Malgorzata Agnieszka Jarossová, Katarína Fecková, Katarína Gubíniová 
520 |a Zmena spôsobu balenia produktov ako jedna z kľúčových oblastí, v ktorých môžu spoločnosti zlepšiť svoje environmentálne správanie a minimalizovať negatívny vplyv na prírodu. Spoločnosti sa môžu zamerať na rôzne aspekty zmeny balenia produktov, ako je používanie udržateľných materiálov, minimalizácia množstva obalov, zlepšenie recyklovateľnosti alebo podpora biologickej odbúrateľnosti. Zlepšenie environmentálneho správania spoločností v tejto oblasti môže viesť k výraznému zníženiu dopadu na životné prostredie. Popísanie činností vybraných spoločností súvisiacich s balením produktov a problémy spojené so zmenou obalov na ekologickejšie. 
610 2 0 |a balenie 
610 2 0 |a produkty 
610 2 0 |a spoločnosti 
610 2 0 |a stratégia obchodná 
610 2 0 |a udržateľnosť 
610 2 0 |a recyklácia odpadu 
610 2 0 |a ekológia 
610 2 0 |a ochrana prostredia životného 
100 1 |a Jarossová, Malgorzata Agnieszka, 1978- 
700 1 |a Fecková, Katarína 
700 1 |a Gubíniová, Katarína